Statistics for Fen Bilimleri Ödevi

Click here to take the quiz!

General Stats

  • This quiz has been taken 618 times
  • The average score is 24 of 28

Answer Stats

HintAnswer% Correct
HeHelyum
98%
HHidrojen
97%
LiLityum
96%
OOksijen
95%
H2OSu
94%
AuAltın
93%
BeBerilyum
93%
MgMagnezyum
93%
BBor
92%
CKarbon
91%
CuBakır
89%
FeDemir
89%
ClKlor
89%
NeNeon
85%
SiSilisyum
85%
NAzot
84%
AlAlüminyum
83%
CaKalsiyum
83%
ArArgon
81%
FFlor
81%
NaSodyum
81%
PFosfor
80%
AgGümüş
78%
SKükürt
77%
KPotasyum
75%
ZnÇinko
72%
HgCiva
71%
Iİyot
66%

Score Distribution

Percentile by Number Answered

Percent of People with Each Score

Your Score History

You have not taken this quiz